000 00674nam a2200265Ia 4500
005 20260121172848.0
008 008 260114s9999 xx 000 0 eng d
020 _a9783030704049
037 _aEBOOK
040 _aCRL
040 _beng
040 _cCRL
041 _2eng
041 _aeng
084 _qCRL
100 _aHans-Georg Ziebertz, Francesco Zaccaria
_91093670
245 4 _aThe Ambivalent Impact of Religion on Human Rights
260 _bSpringer
260 _bSpringer
260 _c2021
856 _uhttps://link.springer.com/openurl?genre=book&isbn=978-3-030-70404-9
942 _cEBOOK
999 _c1659412
_d1659412